Spell the Marvel Character #412 - Statistics

General Stats
  • This quiz has been taken 13 times
  • The average score is 6 of 8
Answer Stats
Picture Answer % Correct
Angel
100%
Thor (Jane Foster)
100%
Luna Snow
85%
Armor
77%
Fantomex
69%
Flat Man
69%
Nocturne
69%
Marrow
62%
No matching quizzes found
Score Distribution
Percent of People with Each Score
Percentile by Number Answered
Your Score History
You have not taken this quiz